00347nam a22001217a 450000500170000002000330001703500130005003700130006310000170007624500810009326000290017430000220020320120614124243.0 a817273137XcRs. 600.00 (hbk) aB-120791 aDPLbENG aMishra, R.C. aInformation technology and poverty reduction in South Asia /cby R.C. Mishra aDelhibAuthorpressc2003 av, 286p.c20 cms.